| 000 | 00413nam a2200157Ia 4500 | ||
|---|---|---|---|
| 008 | 210210b1988 xxu||||| |||| 00| 0 eng d | ||
| 020 | _a81 7036 122 2 | ||
| 082 | _a327.0954 COHS | ||
| 100 | _aCOHEN (Stephen Philip). | ||
| 245 | _aSecurity of South Asia. | ||
| 260 |
_aND _bVistaar Publications _c1988 |
||
| 300 | _a290 | ||
| 650 | _aSecurity South Asia | ||
| 690 | _aInternational Relations | ||
| 906 | _a043221 | ||
| 999 |
_c92679 _d92679 |
||